Kritéria úspešnosti riadenia projektov

Guardado en:
Detalles Bibliográficos
Autor principal: Majtán, Miroslav
Formato: Capítulo de libro
Lenguaje:eslovaco
Etiquetas: Agregar Etiqueta
Sin Etiquetas, Sea el primero en etiquetar este registro!

MARC

LEADER 00000nla$a2200000$$$4500
001 0060542
005 20240502083144.0
041 0 |a slo 
044 |a CZ 
245 1 0 |a Kritéria úspešnosti riadenia projektov  |c Miroslav Majtán 
100 1 |a Majtán, Miroslav